00424 2200181 4500245003000000020002200030250001200052100001800064700002000082700000800102650001600110005001900126260004000145041001400185084001100199300002300210336000900233 aKalacStefani BellahText a978-602-208-155-5 aCet. 15 aStefani Bella aSyahid Muhammad afLo aNovel Fiksi a20230120104735 aYogyakartabGradien Mediatamac2017 aIndonesia a808.83 a348 hlm. :c19 cm. atext